000 00573nam a2200193 i 4500
001 33375
003 ES-MaACL
005 20240413063032.0
007 t|
008 030202s1959 ag ||||1| spa d
100 0 _aBetanzos Palacios, Odon,
_d1925-2007
_928644
245 1 0 _aLuisillo /
_cOdon Betanzos Palacios.
260 _aBuenos Aires :
_b[s.n.,
_c1959] (
_fImp. López)
300 _a40 p. ;
_c19 cm.
490 1 _aMensaje Nueva York
830 0 _aMensaje Nueva York
_9229450
852 _aES-MaACL
_j2004-F-10
_bR.44650
999 _c33375
_d33375